Hydrodynamika prúdenia tekutiny vo vírových odlučovačoch

Gespeichert in:
Bibliographische Detailangaben
1. Verfasser: Zdihan, Tamara (Verfasst von)
Weitere Verfasser: Dzianik, František (Betreuung Doktorarbeit)
Format: Manuskript Buch
Sprache:Slowakisch
Veröffentlicht: 2024
Schlagworte:
Online-Zugang:http://is.stuba.sk/zp/portal_zp.pl?podrobnosti=185647
Tags: Tag hinzufügen
Keine Tags, Fügen Sie das erste Tag hinzu!

MARC

LEADER 00000ntm a22000003a 4500
001 stuzp99442
003 SK-STU
005 20241120094007.3
007 ta
008 150427s2015----xo-----f-mn---000-0-slo-d
040 |a STU  |b slo 
041 0 |a slo 
100 1 |a Zdihan, Tamara  |u 020040  |k Z4  |4 aut  |U SjF Strojnícka fakulta  |T SjF Ústav procesného inžinierstva  |X 115710  |U J0040  |Y 807  |7 115710 
242 0 1 |a Hydrodynamics of fluid flow in vortex separators  |y eng 
245 1 0 |a Hydrodynamika prúdenia tekutiny vo vírových odlučovačoch 
260 |c 2024 
650 4 |a vírové odlučovače  |2 slo 
650 4 |a hydrodynamika prúdenia  |2 slo 
650 4 |a polyakrylamid  |2 slo 
650 4 |a tlaková strata  |2 slo 
650 4 |a polyacrylamide  |2 eng 
650 4 |a hydrodynamics of flow  |2 eng 
650 4 |a vortex separators  |2 eng 
650 4 |a pressure loss  |2 eng 
700 1 |a Dzianik, František  |u 020040  |k Z1  |4 ths  |U SjF Strojnícka fakulta  |T SjF Ústav procesného inžinierstva  |X 4665  |U J0040  |Y 807  |7 A000004665 
856 4 |u http://is.stuba.sk/zp/portal_zp.pl?podrobnosti=185647 
996 |b 284J047672  |c J* 3767/DBP  |l JJSK  |s A  |a 24  |w stuzp99442_0001